000 00455nam a22001697a 4500
005 20250917130424.0
008 250917b |||||||| |||| 00| 0 eng d
020 _a978-93-86700-65-0
041 _aeng
100 _aALAM, DR,SANJAR & SAHOO, DR. JAGANNATH AND SHARMA, MS. SHIKHA
_98698
245 _a A TEXTBOOK OF PHARMACEUTICS-1
250 _a9TH, ED. 2024
260 _aPUNE
_bNIRALI PRAKASHAN
300 _aB1;P
650 _aPHARMACY
942 _cBK
999 _c8832
_d8830